Part-time farming : Austria, France, Belgium, Canada, Finland, Ireland, Italy, Netherlands, New Zealand, Switzerland.

Bibliographic Details
Corporate Author: Organisation for Economic Co-operation and Development
Format: Book
Language:English
Published: Paris : [Washington, D.C.] : Organisation for Economic Cooperation and Development ; [Sold by the OECD Publications Center], 1978.
Series:Agricultural policy reports.
Subjects:

MARC

Tag First Indicator Second Indicator Subfields
LEADER 00000cam a2200000 i 4500
001 in00000057752
005 20231205095909.0
008 790502s1978 fr b b i000 0 eng
010 |a  79303252  
016 |a (AMICUS)000000729385 
019 |a 5125921 
020 |a 9264117814  |q (paperback) 
020 |a 9789264117815  |q (paperback) 
029 1 |a AU@  |b 000001439989 
029 1 |a AU@  |b 000045113492 
029 1 |a AU@  |b 000051258946 
029 1 |a HEBIS  |b 102268525 
029 1 |a NZ1  |b 2564212 
029 1 |a UNITY  |b 053930339 
029 1 |a NZ1  |b 92947 
029 1 |a AU@  |b 000057704519 
029 1 |a NLC  |b 000000729385 
035 |a (OCoLC)ocm04117590  
035 |a (OCoLC)4117590  |z (OCoLC)5125921 
035 |a (OCoLC)ocm04117590  
040 |a DLC  |b eng  |c DLC  |d BTCTA  |d OCLCO  |d OCLCF  |d OCLCQ  |d NLC  |d OCLCQ  |d OCLCA  |d AGL  |d OCLCO  |d OCLCQ 
050 0 0 |a HD1476.A3  |b O67 1978 
070 |a HD1476.A3O67 
082 0 0 |a 331.7/63 
110 2 |a Organisation for Economic Co-operation and Development. 
245 1 0 |a Part-time farming :  |b Austria, France, Belgium, Canada, Finland, Ireland, Italy, Netherlands, New Zealand, Switzerland. 
260 |a Paris :  |b Organisation for Economic Cooperation and Development ;  |a [Washington, D.C.] :  |b [Sold by the OECD Publications Center],  |c 1978. 
300 |a 76 pages :  |b maps ;  |c 30 cm. 
336 |a text  |b txt  |2 rdacontent 
337 |a unmediated  |b n  |2 rdamedia 
338 |a volume  |b nc  |2 rdacarrier 
490 1 |a OECD Agricultural policy reports 
504 |a Includes bibliographical references. 
530 |a Also issued online. 
650 0 |a Part-time farming. 
650 0 |a Farmers  |x Supplementary employment. 
650 6 |a Agriculture à temps partiel. 
650 6 |a Agriculteurs  |x Emploi secondaire. 
650 7 |a Farmers  |x Supplementary employment.  |2 fast  |0 (OCoLC)fst00921370 
650 7 |a Part-time farming.  |2 fast  |0 (OCoLC)fst01053995 
776 0 8 |i Online version:  |a Organisation for Economic Co-operation and Development.  |t Part-time farming.  |d Paris : Organisation for Economic Cooperation and Development ; [Washington, D.C. : sold by the OECD Publications Center], 1978  |w (OCoLC)652278415 
830 0 |a Agricultural policy reports. 
938 |a Baker and Taylor  |b BTCP  |n 79303252 //r913  |c $7.50 
948 |h HELD BY TXA - 184 OTHER HOLDINGS 
994 |a Z0  |b TXA 
999 f f |s fca548ec-e2fd-34b7-8ae5-c3007c01a54b  |i 29f21405-460b-3afe-b058-55bdeb0f544e  |t 0 
952 f f |p ric  |a Texas A&M University  |b Rellis Campus  |c Joint Library Facility  |d Remote Storage  |t 0  |e HD1476.A3 O67 1978  |h Library of Congress classification  |i unmediated -- volume  |m A14802655921 
998 f f |a HD1476.A3 O67 1978  |t 0  |l Remote Storage